Barangay Management System (Record no. 68346)

MARC details
000 -LEADER
fixed length control field 01004nam a22002657a 4500
003 - CONTROL NUMBER IDENTIFIER
control field URS
005 - DATE AND TIME OF LATEST TRANSACTION
control field 20230301135631.0
008 - FIXED-LENGTH DATA ELEMENTS--GENERAL INFORMATION
fixed length control field 230301b |||||||| |||| 00| 0 eng d
043 ## - GEOGRAPHIC AREA CODE
Geographic area code URS
100 ## - MAIN ENTRY--PERSONAL NAME
9 (RLIN) 3985
Personal name John Peter S. Abrinica
Relator term Author
245 ## - TITLE STATEMENT
Title <a href="Barangay Management System">Barangay Management System</a>
Statement of responsibility, etc John Peter S. Abrinica, Carl John R. Avila, Ace Dryan J. Calatong, Jonna Mae F. CoroƱa, John Jerecho O. Sena
260 ## - PUBLICATION, DISTRIBUTION, ETC. (IMPRINT)
Date of publication, distribution, etc 2021
300 ## - PHYSICAL DESCRIPTION
Extent xiii, 96 leaves;
Dimensions 28 cm.
336 ## - CONTENT TYPE
Source rdacontent
Content type term text
337 ## - MEDIA TYPE
Source rdamedia
Media type term unmediated
338 ## - CARRIER TYPE
Source rdacarrier
Carrier type term volume
502 ## - DISSERTATION NOTE
Dissertation note Undergraduate Thesis
Degree type Bachelor of Science in Information System
Name of granting institution University of Rizal System, Binangonan
Year degree granted 2021
700 ## - ADDED ENTRY--PERSONAL NAME
9 (RLIN) 3986
Personal name Ace Dryan J.Calatong
Relator term Author
700 ## - ADDED ENTRY--PERSONAL NAME
9 (RLIN) 3987
Personal name Carl John R. Avila
Relator term Author
700 ## - ADDED ENTRY--PERSONAL NAME
9 (RLIN) 3988
Personal name Jonna Mae F. CoroƱa
Relator term Author
700 ## - ADDED ENTRY--PERSONAL NAME
9 (RLIN) 3989
Personal name Gerald Vince Paulino
Relator term Author
700 ## - ADDED ENTRY--PERSONAL NAME
9 (RLIN) 3990
Personal name John Jerecho O. Sena
Relator term Author
700 ## - ADDED ENTRY--PERSONAL NAME
9 (RLIN) 2311
Personal name De Jesus, Ernan P. MSIT
Relator term adviser
942 ## - ADDED ENTRY ELEMENTS (KOHA)
Source of classification or shelving scheme Library of Congress Classification
Koha item type Theses and dissertations
Holdings
Withdrawn status Source of classification or shelving scheme Damaged status Not for loan Home library Current library Shelving location Date acquired Total Checkouts Barcode Date last seen Price effective from Koha item type
  Library of Congress Classification     Binangonan College Library Binangonan College Library Undergraduate Theses 03/01/2023   URSBIN-UGT2692 03/01/2023 03/01/2023 Theses and dissertations

University of Rizal System
Email us at univlibservices@urs.edu.ph

Visit our Website www.urs.edu.ph/library